| 000 | 01318nam0a22002531 4500 | ||
|---|---|---|---|
| 001 | rc\525369 | ||
| 005 | 20030616165321.5 | ||
| 035 | _a(NLR Aleph) 005764036 | ||
| 090 |
_a4968643 _c4968643 |
||
| 100 | _a20030616d1988 u |0rusy50 ca | ||
| 101 | 0 | _arus | |
| 102 | _aRU | ||
| 105 | _aa ||||||||| | ||
| 200 | 1 |
_aПрименение электронных устройств (блоков БУ) для гидроаппаратов с пропорциональным управлением _eМетод. рекомендации _fВсесоюз. н.-и. и проект.-конструкт. ин-т пром. гидроприводов и гидроавтоматики _g[Исполн. С.Л. Уманский] |
|
| 210 |
_aМ. _cВНИИ информ. и техн.-экон. исслед. по машиностроению и робототехнике _d1988 |
||
| 215 |
_a24, [2] с. _cил. _d22 |
||
| 320 | _aБиблиогр. в конце кн. (5 назв.) | ||
| 702 | 1 |
_aУманский _bС. Л. _4570 |
|
| 712 | 0 | 2 |
_aВсесоюзный н.-и. и проектно-конструкторский ин-т пром. гидроприводов и гидроавтоматики _cХарьков |
| 801 | 0 |
_aRU _bNLR _gpsbo |
|
| 801 | 1 |
_aRU _bELAR _2rusmarc |
|
| 852 |
_aNLR _j88-6/3006 |
||
| 942 | _cBOOK | ||
| 980 | _aNB | ||